De campesino a campesino (Registro nro. 4503)
[ vista simple ]
| 000 -CABECERA | |
|---|---|
| Campo de control | 00577nam a2200181 a 4500 |
| 005 - FECHA Y HORA DE LA ULTIMA TRANSACCION | |
| Campo de control | 20160129180631.0 |
| 008 - ELEMENTOS DE LONGITUD FIJA—INFORMACION GENERAL | |
| Campo de control | 140115b2003 ck ||||gr|||| 00| 0 spa d |
| 040 ## - FUENTE DE CATALOGACIÓN | |
| Agencia catalogadora original | CO-BoIAVH |
| Agencia transcriptora | CO-BoIAVH |
| 041 ## - IDIOMA | |
| Código de idioma para texto/pista de sonido o título separado | Español |
| 090 ## - CLASIFICACIÓN LOCAL | |
| Colección | EA |
| Consecutivo | 374 |
| 245 ## - MENCION DE TITULO | |
| Título | De campesino a campesino |
| Parte restante del título | facilitadores del desarrollo forestal participativo |
| 260 ## - PUBLICACION, DISTRIBUCION, ETC. (PIE DE IMPRENTA) | |
| Lugar de publicación, distribución, etc. | Manizales |
| Nombre del editor, distribuidor, etc. | CRQ |
| -- | CORPOCALDAS |
| -- | CORTOLIMA |
| -- | CARDER |
| -- | PACOFOR |
| Fecha de publicación, distribución, etc. | 2003 |
| 300 ## - DESCRIPCION FISICA | |
| Extensión | 40 paginas. |
| Dimensiones | 23 x 21 cm |
| 650 #4 - ASIENTO SECUNDARIO DE MATERIA - TERMINO TEMATICO | |
| Término temático o nombre geográfico como elemento de entrada | Plan florestal |
| 9 (RLIN) | 55327 |
| 650 #4 - ASIENTO SECUNDARIO DE MATERIA - TERMINO TEMATICO | |
| Término temático o nombre geográfico como elemento de entrada | Parcelas |
| 9 (RLIN) | 55328 |
| 650 #4 - ASIENTO SECUNDARIO DE MATERIA - TERMINO TEMATICO | |
| Término temático o nombre geográfico como elemento de entrada | Desarrollo y participación. |
| 9 (RLIN) | 55329 |
| 942 ## - ELEMENTOS ADICIONALES (KOHA) | |
| Tipo de ítem | Libro |
| Sistema de clasificación | Local |
| Withdrawn status | Lost status | Sistema de Clasificación | Damaged status | No para préstamo | Colección | Inventariado | Ubicación Permanente | Ubicación actual | Fecha de adquisición | Total Checkouts | Número topográfico | Inventario / Código de Barras | Date last seen | Ejemplar | Price effective from | Forma de adquisición | Tipo de material |
|---|---|---|---|---|---|---|---|---|---|---|---|---|---|---|---|---|---|
| Local | Educación Ambiental | Inventariado 2017 | Sala Fabio Quevedo | Sala Fabio Quevedo | 18/05/2005 | EA-374 | 017893 | 04/12/2012 | Ej. 1 | 04/12/2012 | Libro | ||||||
| Local | Educación Ambiental | Inventariado 2017 | Sala Fabio Quevedo | Sala Fabio Quevedo | 18/05/2005 | EA-374 | 017894 | 04/12/2012 | Ej. 2 | 04/12/2012 | Libro |